| 000 | 00887nac a22002651i 4500 | ||
|---|---|---|---|
| 003 | EG-ScBUE | ||
| 005 | 20250121104716.0 | ||
| 008 | 250121s1985 caua f 000 0 eng d | ||
| 020 | _a0953218068 | ||
| 040 |
_aEG-ScBUE _beng _erda _cEG-ScBUE _dEG-ScBUE |
||
| 082 | 0 | 4 |
_a530 _bEPS _222 |
| 100 | 1 |
_aEpstein, Lewis Carroll, _eauthor. |
|
| 245 | 1 | 0 |
_aThinking physics is Gedanken physics / _cLewis Carroll Epstein. |
| 250 | _aSecond edition. | ||
| 264 | 1 |
_aSan Francisco : _bInsight Press, _c1985. |
|
| 300 |
_a561 pages : _billustrations ; _c23 cm |
||
| 336 |
_2rdacontent _atext _btxt |
||
| 337 |
_aunmediated _2rdamedia _bn |
||
| 338 |
_avolume _bnc _2rdacarrier |
||
| 500 | _aIncludes index. | ||
| 505 | _aMechanics.--Fluids.--Heat.--Vibrations.--Light.--Electricity & magnetism.--Relativity.--Quanta. | ||
| 650 | 7 |
_2BUEsh _aphysics. |
|
| 655 | _vReading book | ||
| 942 |
_cBB _2ddc |
||
| 999 |
_c3942 _d3942 |
||